|
|
|
|
| LEADER |
00000nam0a2200000 4500 |
| 001 |
21662 |
| 005 |
20231030193451.0 |
| 010 |
|
|
|a 5020293911
|
| 035 |
|
|
|a (RuTPU)RU\TPU\book\21868
|
| 035 |
|
|
|a BOOK00006561
|
| 090 |
|
|
|a 21662
|
| 100 |
|
|
|a 20011209d1990 m y0rusy50 ca
|
| 101 |
0 |
|
|a rus
|a eng
|
| 102 |
|
|
|a RU
|
| 105 |
|
|
|a y j 000zy
|
| 200 |
1 |
|
|a Краткая грамматика английского языка в таблицах и схемах
|f Н. В. Шанаева
|
| 210 |
|
|
|a Новосибирск
|c Наука
|d 1990
|
| 215 |
|
|
|a 56 с.
|
| 610 |
1 |
|
|a английский язык
|
| 610 |
1 |
|
|a грамматика
|
| 610 |
1 |
|
|a таблицы
|
| 610 |
1 |
|
|a схемы
|
| 610 |
1 |
|
|a учебные пособия
|
| 686 |
|
|
|a Ш143.21-2
|v LBC/SL-A
|2 rubbk
|
| 700 |
|
1 |
|a Шанаева
|b Н. В.
|g Нелли Васильевна
|
| 801 |
|
0 |
|a RU
|b 63413507
|c 20011209
|g PSBO
|
| 801 |
|
2 |
|a RU
|b 63413507
|c 20200601
|g PSBO
|
| 942 |
|
|
|c BK
|